| Tag |
First Indicator |
Second Indicator |
Subfields |
| LEADER |
00000cam a2200000 a 4500 |
| 001 |
in00005779920 |
| 005 |
20260428152417.3 |
| 008 |
880809s1951 nyu r 000 j eng d |
| 010 |
|
|
|a 51012260
|
| 040 |
|
|
|a TMA
|b eng
|e pn
|c TMA
|d DLM
|d SER
|d NYP
|d OCL
|d OCLCG
|d NCECU
|d OCLCQ
|d OKD
|d OCLCO
|d OCLCF
|d OCLCQ
|d NUI
|d OCL
|d OCLCQ
|d OCLCO
|d TMA
|d OCLCQ
|d OCLCO
|d OCLCQ
|d GUA
|d OCLCL
|d IG#
|d OCLCL
|d TXA
|
| 019 |
|
|
|a 925346
|a 37194592
|
| 035 |
|
|
|a (OCoLC)18329345
|z (OCoLC)925346
|z (OCoLC)37194592
|
| 050 |
|
4 |
|a PS648.S3
|b W67 1951
|
| 082 |
0 |
4 |
|a 808.83
|b P888w
|1 https://id.oclc.org/worldcat/ddc/E3gbPDyTdcTPHrdCbfFXHywMFh
|
| 100 |
1 |
|
|a Pratt, Fletcher,
|d 1897-1956,
|e editor.
|1 https://id.oclc.org/worldcat/entity/E39PBJyCJgy9cm79DDHgpFKjmd
|
| 245 |
1 |
0 |
|a World of wonder :
|b an introduction to imaginative literature /
|c edited by Fletcher Pratt ; foreword by Edith Mirrielees.
|
| 260 |
|
|
|a New York :
|b Twayne Publishers,
|c ©1951.
|
| 300 |
|
|
|a 445 pages ;
|c 23 cm
|
| 336 |
|
|
|a text
|b txt
|2 rdacontent
|
| 337 |
|
|
|a unmediated
|b n
|2 rdamedia
|
| 338 |
|
|
|a volume
|b nc
|2 rdacarrier
|
| 500 |
|
|
|a Short stories.
|
| 505 |
0 |
0 |
|g Foreword /
|r Edith Mirrielees --
|g Introduction /
|r Fletcher Pratt --
|t He walked around the horses /
|r H. Beam Piper --
|t Roads of destiny /
|r O. Henry --
|t The red queen's race /
|r Isaac Asimov --
|t Child's play /
|r William Tenn --
|t The finest story in the world /
|r Rudyard Kipling --
|t Etaoin Shrdlu /
|r Fredric Brown --
|t Mistake inside /
|r James Blish --
|t Private--keep out /
|r Philip MacDonald --
|t They /
|r Robert Heinlein --
|t Metamorphosis /
|r Franz Kafka --
|t Back there in the grass /
|r Gouverneur Morris --
|t The mark of the beast /
|r Rudyard Kipling --
|t Museum piece /
|r Esther Carlson --
|t The blue giraffe /
|r L. Sprague de Camp --
|t That only a mother /
|r Judith Merril --
|t Operation RSVP /
|r H. Beam Piper --
|t Conquerors' isle /
|r Nelson Bond --
|t Giant killer /
|r A. Bertram Chandler --
|t The million-year picnic /
|r Ray Bradbury.
|
| 533 |
|
|
|a Print reproduction.
|
| 650 |
|
0 |
|a Science fiction.
|
| 650 |
|
7 |
|a Science fiction.
|2 fast
|0 (OCoLC)fst01108566
|
| 655 |
|
7 |
|a Fantasy fiction.
|2 fast
|0 (OCoLC)fst01726607
|
| 655 |
|
7 |
|a Science fiction.
|2 fast
|0 (OCoLC)fst01726489
|
| 655 |
|
7 |
|a Fantasy fiction.
|2 lcgft
|
| 655 |
|
7 |
|a Science fiction.
|2 lcgft
|
| 700 |
1 |
|
|a Mirrielees, Edith Ronald,
|d 1878-1962,
|e writer of foreword.
|1 https://id.oclc.org/worldcat/entity/E39PCjxkgRv4p373RFrvpBGd33
|
| 758 |
|
|
|i has work:
|a World of wonder (Text)
|1 https://id.oclc.org/worldcat/entity/E39PCGGqKMjKvxqKyQKXbwGY6C
|4 https://id.oclc.org/worldcat/ontology/hasWork
|
| 776 |
0 |
8 |
|i Online version:
|a Pratt, Fletcher, 1897-1956.
|t World of wonder.
|d New York : Twayne Publishers, [1951]
|w (OCoLC)654286446
|
| 938 |
|
|
|a Ingram Library Services
|b INGR
|n in013018692
|
| 029 |
1 |
|
|a AU@
|b 000027383478
|
| 029 |
1 |
|
|a HEBIS
|b 184220203
|
| 029 |
1 |
|
|a AU@
|b 000072207504
|
| 994 |
|
|
|a Z0
|b TXA
|
| 948 |
|
|
|h HELD BY TXA - 146 OTHER HOLDINGS
|
| 999 |
f |
f |
|i d3591cdf-2130-4a3c-8574-3dc8f999c86c
|s cd843ee2-a9bf-4e14-a500-657857361122
|t 0
|
| 952 |
f |
f |
|p noncirc
|a Texas A&M University
|b College Station
|c Cushing Memorial Library & Archives
|s cush scif
|d Cushing: Science Fiction (Does not check out)
|t 0
|e PS648.S3 W67 1951
|h Library of Congress classification
|i unmediated -- volume
|m A1485343584C
|
| 998 |
f |
f |
|a PS648.S3 W67 1951
|t 0
|l Cushing: Science Fiction (Does not check out)
|